| 000 | 00350 a2200157 4500 | ||
|---|---|---|---|
| 001 | 46215 | ||
| 020 | _a8530504399 | ||
| 040 | _cAnchieta - Aquarius | ||
| 100 | _aAguiar, Luiz Antonio | ||
| 240 | 1 | 0 |
_a=Assim tudo começou _lpor |
| 245 | 1 | 0 | _a=Assim tudo começou |
| 300 | _a107 | ||
| 362 | 0 | _a2005 | |
| 650 | 4 | _aLiteratura brasileira | |
| 942 | _cBK | ||
| 999 |
_c46215 _d46215 |
||